Lord of the Rings personages - Statistieken

Algemene statistieken
  • Deze quiz is 28 keer genomen
  • De gemiddelde score is 15 van 38
Antwoordstatistieken
Antwoord % Correct
Gandalf
91%
Frodo Balings
86%
Legolas
82%
Sauron
82%
Sam Gewissies
73%
Aragorn
68%
Pepijn Toek
64%
Boromir
59%
Gimli
59%
Bilbo Balings
55%
Saruman
55%
Faramir
50%
Gollum / Sméagol
50%
Merijn Brandebok
50%
Arwen
45%
Elrond
45%
Éomer
45%
Galadriel
41%
Théoden
41%
Éowyn
36%
Grima Wormtong
36%
Denethor II
32%
Balrog van Morgoth
27%
Isildur
23%
Tovenaar-koning van Angmar
23%
Celeborn
18%
Haldir
18%
Boombaard
14%
Lurtz
14%
Gersteman Boterbloem
9%
Gorbag
9%
Roosje Katoen
9%
Schaduwvacht
9%
Shagrat
9%
Shelob
9%
Willem de Pony
9%
Gothmog
5%
Grishnákh
5%
Geen overeenkomende quizzen gevonden
Scoreverdeling
Procent van Mensen met Elke Score
Percentiel versus Aantal Correcte Antwoorden
Uw Scoregeschiedenis
U heeft deze quiz nog niet genomen